[Event "Montcalm 2 2016-17"]
[Site "Quebec CAN"]
[Date "2016.10.27"]
[Round "3"]
[White "Dube, Dominic"]
[Black "Stoyanova, Stela"]
[Result "1-0"]
[WhiteElo "1685"]
[BlackElo "1548"]
[PlyCount "61"]
[EventDate "2016.10.13"]
[EventType "swiss"]
[EventRounds "5"]
[EventCountry "CAN"]

1. e4 e6 2. d4 d5 3. Nc3 Bb4 4. Bd2 dxe4 5. a3 Bxc3 6. Bxc3 Nf6 7. g3 b6 8. Bg2
Bb7 9. Ne2 h5 10. h4 Na6 11. Nf4 c5 12. Qd2 Qc7 13. O-O-O O-O-O 14. Qe2 c4 15.
Rhe1 b5 16. Bh3 Rd6 17. d5 Nxd5 18. Nxd5 Rxd5 19. Bxg7 Rhd8 20. Bf6 Rxd1+ 21.
Rxd1 Rxd1+ 22. Qxd1 Nc5 23. Qxh5 Nd3+ 24. Kb1 Nxf2 25. Bxe6+ Kb8 26. Be5 fxe6
27. Bxc7+ Kxc7 28. Qf7+ Kd6 29. Qxf2 a5 30. h5 b4 31. h6 1-0

[Event "Montcalm 2 2016-17"]
[Site "Quebec CAN"]
[Date "2016.10.27"]
[Round "3"]
[White "Garcia, Carlos"]
[Black "Halhal, Sami"]
[Result "1-0"]
[WhiteElo "1845"]
[BlackElo "1808"]
[PlyCount "115"]
[EventDate "2016.10.13"]
[EventType "swiss"]
[EventRounds "5"]
[EventCountry "CAN"]

1. e4 c5 2. Nf3 d6 3. d4 cxd4 4. Nxd4 Nf6 5. Nc3 Nc6 6. Bg5 Qa5 7. Bxf6 gxf6 8.
Nb3 Qd8 9. Qh5 Be6 10. O-O-O Bxb3 11. cxb3 a6 12. Kb1 Bg7 13. Bc4 Ne5 14. Be6
Ng6 15. Bd5 Rb8 16. f4 O-O 17. Qf3 e6 18. Bc4 b5 19. Bd3 Qb6 20. h4 Bh6 21. g3
b4 22. Ne2 Ne7 23. g4 Bg7 24. h5 Bh6 25. e5 dxe5 26. Qe4 f5 27. gxf5 Nxf5 28.
Ng3 Bxf4 29. Nxf5 exf5 30. Qxf5 Qh6 31. Rdg1+ Kh8 32. Bc4 f6 33. Rg4 a5 34.
Rhg1 Bg5 35. R4g3 Rbd8 36. Qe6 Qxh5 37. Rxg5 Rd1+ 38. Kc2 Qh2+ 39. R5g2 Qxg1
40. Rxg1 Rxg1 41. Qb6 Rg2+ 42. Kd3 h5 43. Qxa5 h4 44. Bd5 Rg1 45. Kc4 f5 46.
Qc7 e4 47. Qe5+ Kh7 48. Qe7+ Kg6 49. Qxf8 Kg5 50. Qe7+ Kg4 51. a4 h3 52. Kc5
Kf4 53. Qd6+ Kf3 54. Qh2 Rg3 55. a5 Kg4 56. a6 Rg2 57. Qh1 Kg3 58. a7 1-0

[Event "Montcalm 2 2016-17"]
[Site "Quebec CAN"]
[Date "2016.10.27"]
[Round "3"]
[White "Leblanc-Legault, Mathieu"]
[Black "Fillion, Jean-Yves"]
[Result "1-0"]
[WhiteElo "1743"]
[BlackElo "1266"]
[PlyCount "61"]
[EventDate "2016.10.13"]
[EventType "swiss"]
[EventRounds "5"]
[EventCountry "CAN"]

1. Nf3 c5 2. e3 Nc6 3. d4 e6 4. b3 Nf6 5. Bb2 d5 6. Bd3 Bd6 7. dxc5 Bxc5 8. O-O
Qc7 9. Nbd2 Bd7 10. c4 O-O-O 11. Rc1 Rde8 12. cxd5 exd5 13. Rxc5 Kb8 14. Qa1
Qd8 15. Ne5 Qe7 16. Nxd7+ Qxd7 17. Bb5 Rc8 18. Rfc1 Qe6 19. Bxc6 bxc6 20. Bxf6
gxf6 21. Qc3 Kb7 22. Nf3 Rhg8 23. Qb4+ Ka8 24. Qf4 Qh3 25. g3 Qe6 26. Nd4 Qe5
27. Rxc6 Rxc6 28. Rxc6 Qxf4 29. exf4 Rg6 30. Rc7 Rg7 31. Nc6 1-0

[Event "Montcalm 2 2016-17"]
[Site "Quebec CAN"]
[Date "2016.10.27"]
[Round "3"]
[White "Tremblay, Rejean"]
[Black "Auger, Bertrand"]
[Result "1-0"]
[WhiteElo "2170"]
[BlackElo "1973"]
[PlyCount "51"]
[EventDate "2016.10.13"]
[EventType "swiss"]
[EventRounds "5"]
[EventCountry "CAN"]

1. d4 Nf6 2. c4 e6 3. Nf3 Bb4+ 4. Nbd2 O-O 5. a3 Be7 6. e4 d5 7. e5 Ne4 8. Bd3
f5 9. exf6 Nxf6 10. O-O c5 11. dxc5 Bxc5 12. b4 Bd6 13. Bb2 a5 14. c5 Be7 15.
Qb1 Qe8 16. Bxf6 Bxf6 17. Bxh7+ Kh8 18. Bg6 Qc6 19. Re1 axb4 20. Qxb4 Ra4 21.
Qb3 Bxa1 22. Ne5 Rff4 23. Nxc6 Nxc6 24. Rxa1 Ne5 25. Bc2 Rad4 26. Nf1 1-0

[Event "Montcalm 2 2016-17"]
[Site "Quebec CAN"]
[Date "2016.11.03"]
[Round "4"]
[White "Auger, Bertrand"]
[Black "Abran, David"]
[Result "1-0"]
[WhiteElo "1973"]
[BlackElo "1894"]
[PlyCount "83"]
[EventDate "2016.10.13"]
[EventType "swiss"]
[EventRounds "5"]
[EventCountry "CAN"]

1. Nf3 Nf6 2. g3 g6 3. b4 Bg7 4. Bb2 O-O 5. Bg2 d5 6. O-O c6 7. d3 Nbd7 8. Nbd2
Re8 9. Ne5 Nxe5 10. Bxe5 Be6 11. c4 Qd7 12. Re1 Rad8 13. Qc2 Bh6 14. Nf3 Bh3
15. Bh1 Ng4 16. Bb2 e5 17. e3 f5 18. Rad1 Qe7 19. cxd5 cxd5 20. Qc5 Qxc5 21.
bxc5 e4 22. dxe4 dxe4 23. Nd4 Bg7 24. Rb1 Ne5 25. Bg2 Bxg2 26. Kxg2 Nd3 27. Re2
Nxc5 28. Rd2 Nd3 29. Bc3 b6 30. a4 Rd5 31. Ra2 Rc8 32. Ba1 Rdc5 33. Ne6 Bxa1
34. Nxc5 Bg7 35. Nxd3 exd3 36. Rd1 Rc3 37. Rad2 Ra3 38. Rxd3 Rxa4 39. Rd7 b5
40. Rb7 a6 41. Rd8+ Bf8 42. Rbb8 1-0

[Event "Montcalm 2 2016-17"]
[Site "Quebec CAN"]
[Date "2016.11.03"]
[Round "4"]
[White "Doyon, Stephane"]
[Black "Cummins, Paul"]
[Result "1-0"]
[WhiteElo "1852"]
[BlackElo "1766"]
[PlyCount "111"]
[EventDate "2016.10.13"]
[EventType "swiss"]
[EventRounds "5"]
[EventCountry "CAN"]

1. e4 e6 2. d4 d5 3. Nd2 dxe4 4. Nxe4 Bd7 5. Nf3 Bc6 6. Bd3 Be7 7. O-O Nf6 8.
Nxf6+ Bxf6 9. c3 Nd7 10. Bf4 O-O 11. Qc2 h6 12. Ne5 Nxe5 13. dxe5 Bg5 14. Rad1
Qe7 15. Qd2 Bxf4 16. Qxf4 Rad8 17. Qe3 Qh4 18. Bc2 a6 19. Rd3 Qg4 20. f3 Qh4
21. Rfd1 Rxd3 22. Rxd3 Rd8 23. g3 Qe7 24. Kf2 Rxd3 25. Qxd3 Qc5+ 26. Kg2 Qd5
27. Kf2 Qxd3 28. Bxd3 Kf8 29. Ke3 a5 30. f4 Ke7 31. Kd4 b6 32. c4 Bd7 33. c5 f6
34. Be4 f5 35. Bb7 Bb5 36. Bc8 Bd7 37. Bb7 Bb5 38. h4 h5 39. Bf3 g6 40. Bd1 Bf1
41. Bb3 Bg2 42. Bc4 Bc6 43. a3 b5 44. Be2 Kd7 45. Ke3 Ke7 46. Kd4 Kd7 47. Bd1
Ke7 48. b3 Bd5 49. c6 Bxc6 50. Kc5 Bd7 51. Be2 a4 52. b4 Kd8 53. Bxb5 Bxb5 54.
Kxb5 Kd7 55. Kxa4 Kc6 56. Ka5 1-0

[Event "Montcalm 2 2016-17"]
[Site "Quebec CAN"]
[Date "2016.11.03"]
[Round "4"]
[White "Dube, Daniel"]
[Black "Halhal, Sami"]
[Result "0-1"]
[WhiteElo "1835"]
[BlackElo "1808"]
[PlyCount "115"]
[EventDate "2016.10.13"]
[EventType "swiss"]
[EventRounds "5"]
[EventCountry "CAN"]

1. e4 d6 2. d4 Nf6 3. Bd3 Nc6 4. Nf3 g6 5. c3 Bg7 6. O-O O-O 7. d5 Nb8 8. c4
Nbd7 9. Nc3 e5 10. Ne1 Nh5 11. g3 Nc5 12. Be2 Bh3 13. Ng2 Nf6 14. Bg5 h6 15.
Bxf6 Qxf6 16. b4 Nd7 17. Bg4 Bxg4 18. Qxg4 Qe7 19. Rac1 b6 20. Ne3 Kh7 21. h4
Nf6 22. Qe2 Nh5 23. Nf5 Qd7 24. Nd1 Nf4 25. gxf4 gxf5 26. Qh5 exf4 27. Qxf5+
Qxf5 28. exf5 Bf6 29. Kg2 Bxh4 30. Kf3 Rae8 31. Nc3 Re5 32. Kg4 Bf6 33. Nb5
Rg8+ 34. Kf3 Rxf5 35. Nxa7 Ra8 36. Nb5 Rxa2 37. Rfe1 Bh4 38. Re2 Rxe2 39. Kxe2
Re5+ 40. Kf3 Bd8 41. Rd1 Kg6 42. Kxf4 f5 43. Ra1 Re4+ 44. Kf3 Rxc4 45. Na7 Rxb4
46. Nc6 Rb3+ 47. Kg2 Bf6 48. Ra7 Rb5 49. Rxc7 Rxd5 50. Rb7 b5 51. Na7 Bd4 52.
Nxb5 Bc5 53. f4 Rd3 54. Nc7 Rd2+ 55. Kh3 Be3 56. Ne6 Kf6 57. Rb3 Re2 58. Nd8
0-1

[Event "Montcalm 2 2016-17"]
[Site "Quebec CAN"]
[Date "2016.11.03"]
[Round "4"]
[White "Dumont, Eric"]
[Black "Garcia, Carlos"]
[Result "0-1"]
[WhiteElo "1771"]
[BlackElo "1845"]
[PlyCount "86"]
[EventDate "2016.10.13"]
[EventType "swiss"]
[EventRounds "5"]
[EventCountry "CAN"]

1. d4 Nf6 2. Bf4 g6 3. e3 Bg7 4. h3 d6 5. Nf3 O-O 6. Be2 c5 7. c3 Nbd7 8. Nbd2
a6 9. a4 cxd4 10. exd4 Nd5 11. Bg3 e5 12. dxe5 dxe5 13. Nc4 Nf4 14. Bxf4 exf4
15. O-O Qc7 16. Qd6 Qxd6 17. Nxd6 Nc5 18. Ng5 h6 19. Nge4 Nxe4 20. Nxe4 Be6 21.
Bf3 Rab8 22. Rfd1 b6 23. Rd6 Rfd8 24. Rad1 Rxd6 25. Rxd6 Be5 26. Rc6 Kg7 27. a5
bxa5 28. Rxa6 Rxb2 29. Rxa5 Bc7 30. Ra4 Rb1+ 31. Kh2 Rc1 32. Ra3 Bf5 33. Ra7
Be5 34. Ra5 f6 35. Ra7+ Kf8 36. Ra8+ Ke7 37. Ra7+ Kd8 38. Ra8+ Kc7 39. Ra7+ Kb6
40. Ra4 Rc2 41. Rb4+ Kc7 42. Nc5 Rxf2 43. Nd3 Bxd3 0-1

[Event "Montcalm 2 2016-17"]
[Site "Quebec CAN"]
[Date "2016.11.03"]
[Round "4"]
[White "Picard-Fortin, Julien-Pierre"]
[Black "Dube, Dominic"]
[Result "0-1"]
[WhiteElo "1684"]
[BlackElo "1685"]
[PlyCount "62"]
[EventDate "2016.10.13"]
[EventType "swiss"]
[EventRounds "5"]
[EventCountry "CAN"]

1. e4 c6 2. d4 d5 3. e5 Bf5 4. Nf3 e6 5. Be2 Nd7 6. Nbd2 Ne7 7. O-O c5 8. c4
cxd4 9. Nxd4 Nxe5 10. Nxf5 Nxf5 11. b3 Be7 12. Bb2 Bf6 13. Qc2 Rc8 14. Rfe1
dxc4 15. bxc4 O-O 16. Ne4 Nd4 17. Bxd4 Qxd4 18. Rad1 Qb6 19. Nxf6+ gxf6 20. Rc1
Rc5 21. Qb3 Qc7 22. f4 Ng6 23. g3 Kh8 24. Qb2 e5 25. f5 Ne7 26. g4 Rg8 27. Kf2
Rc6 28. Bf3 e4 29. Bxe4 Qxh2+ 30. Bg2 Rxg4 31. Rg1 Qg3+ 0-1

[Event "Montcalm 2 2016-17"]
[Site "Quebec CAN"]
[Date "2016.11.03"]
[Round "4"]
[White "Sarra-Bournet, Marc"]
[Black "Lessard, Claude"]
[Result "0-1"]
[WhiteElo "1862"]
[BlackElo "2132"]
[PlyCount "80"]
[EventDate "2016.10.13"]
[EventType "swiss"]
[EventRounds "5"]
[EventCountry "CAN"]

1. e4 c5 2. Nc3 Nc6 3. f4 g6 4. Nf3 e6 5. Bc4 Bg7 6. O-O Nge7 7. Qe1 O-O 8. d3
d5 9. Bb3 Na5 10. exd5 exd5 11. Nxd5 Nxd5 12. Bxd5 Qxd5 13. Qxa5 b6 14. Qd2 Bb7
15. c3 Rad8 16. Ne1 Rfe8 17. Rf3 Qc6 18. Qf2 Qa4 19. Re3 Qd1 20. Qd2 Qa4 21. b3
Qc6 22. Bb2 Bh6 23. Nf3 Rxe3 24. Qxe3 Qd6 25. Rd1 Bxf4 26. Qf2 Bxf3 27. gxf3
Re8 28. Kh1 Bxh2 29. d4 Bg3 30. Qf1 Qf4 31. Kg2 Qg5 32. Kg1 Bf4+ 33. Qg2 Qxg2+
34. Kxg2 Re2+ 35. Kf1 Rxb2 36. dxc5 bxc5 37. Rd5 Rxa2 38. Rxc5 h5 39. Rc8+ Kg7
40. c4 h4 0-1

[Event "Montcalm 2 2016-17"]
[Site "Quebec CAN"]
[Date "2016.11.03"]
[Round "4"]
[White "Tremblay, Rejean"]
[Black "Betancourt, Juan-Mauricio"]
[Result "1-0"]
[WhiteElo "2170"]
[BlackElo "1861"]
[PlyCount "85"]
[EventDate "2016.10.13"]
[EventType "swiss"]
[EventRounds "5"]
[EventCountry "CAN"]

1. d4 Nf6 2. c4 e6 3. Nf3 b6 4. Nc3 Bb7 5. a3 d5 6. cxd5 Nxd5 7. Qc2 c5 8. e4
Nxc3 9. bxc3 cxd4 10. cxd4 Nd7 11. Bd3 Be7 12. O-O O-O 13. Bb2 Rc8 14. Qe2 f5
15. exf5 exf5 16. Rfe1 Be4 17. Bxe4 fxe4 18. Qxe4 Bf6 19. Rac1 Nc5 20. Qc2 Nb7
21. Qa4 Rxc1 22. Rxc1 Na5 23. Bc3 Qd5 24. Bxa5 bxa5 25. h3 Bd8 26. Qc4 Qxc4 27.
Rxc4 Bb6 28. Kf1 Rf5 29. a4 Kf7 30. Ke2 Ke6 31. Rc8 h6 32. Kd3 Rf7 33. Ke4 Kd6
34. h4 Bc7 35. Re8 Bb6 36. Rc8 Bc7 37. g3 Bb6 38. Rc2 Bd8 39. Ne5 Rb7 40. Rc5
Rb1 41. Nf7+ Ke7 42. Nxd8 Kxd8 43. Rxa5 1-0

[Event "Montcalm 2 2016-17"]
[Site "Quebec CAN"]
[Date "2016.11.10"]
[Round "5"]
[White "Abran, David"]
[Black "Sarra-Bournet, Marc"]
[Result "0-1"]
[WhiteElo "1894"]
[BlackElo "1862"]
[PlyCount "76"]
[EventDate "2016.10.13"]
[EventType "swiss"]
[EventRounds "5"]
[EventCountry "CAN"]

1. d4 d5 2. c4 e6 3. Nc3 Nf6 4. Nf3 Be7 5. Bf4 O-O 6. e3 c6 7. Qc2 Nbd7 8.
O-O-O dxc4 9. Bxc4 b5 10. Bd3 Bb7 11. Ne4 Nxe4 12. Bxe4 Nf6 13. Bd3 h6 14. e4
Rc8 15. Kb1 c5 16. dxc5 Rxc5 17. Qe2 Qa8 18. Nd2 a6 19. f3 Rfc8 20. Nb3 R5c6
21. g4 a5 22. h4 a4 23. Nc1 b4 24. Qh2 b3 25. a3 Rc2 26. Rd2 Nxg4 27. fxg4 Bxe4
28. Re1 Bxd3 29. Nxd3 Qc6 30. Rxc2 bxc2+ 31. Kc1 Qd5 32. Nb4 Bxb4 33. axb4 Qa2
34. Qh1 Qb1+ 35. Kd2 Qxb2 36. Rc1 Qxb4+ 37. Kd3 Rc3+ 38. Ke2 Qxf4 0-1

[Event "Montcalm 2 2016-17"]
[Site "Quebec CAN"]
[Date "2016.11.10"]
[Round "5"]
[White "Betancourt, Juan-Mauricio"]
[Black "Auger, Bertrand"]
[Result "0-1"]
[WhiteElo "1861"]
[BlackElo "1973"]
[PlyCount "136"]
[EventDate "2016.10.13"]
[EventType "swiss"]
[EventRounds "5"]
[EventCountry "CAN"]

1. Nf3 Nf6 2. c4 b6 3. g3 Bb7 4. Bg2 e6 5. O-O c5 6. b3 Be7 7. Bb2 O-O 8. e3
Nc6 9. d4 cxd4 10. exd4 d5 11. Nbd2 Rc8 12. Qe2 Qc7 13. Rac1 Qb8 14. Rfd1 Rfd8
15. Ne5 Nxe5 16. dxe5 Ne8 17. cxd5 Rxc1 18. Rxc1 Bxd5 19. Ne4 Qa8 20. Qg4 h5
21. Qe2 g6 22. Nf6+ Nxf6 23. exf6 Bc5 24. Bf1 Bf3 25. Qe5 Qd5 26. Qxd5 Rxd5 27.
Bc3 Ba3 28. Re1 g5 29. h3 h4 30. Re3 Bh5 31. Bc4 Rd1+ 32. Kg2 Bg6 33. gxh4 gxh4
34. Be5 Bc5 35. Re2 Bd4 36. Bb8 a5 37. Be5 Bxe5 38. Rxe5 Rd2 39. a4 Rd4 40. Re2
Rf4 41. Re5 Rxf6 42. Rb5 Be4+ 43. Kh2 Rg6 44. Bf1 Rf6 45. Rg5+ Kf8 46. Kg1 Rg6
47. Rxg6 Bxg6 48. Kg2 Be4+ 49. f3 Bd5 50. Bc4 Bc6 51. Kf2 Ke7 52. Ke3 e5 53. f4
f6 54. fxe5 fxe5 55. Kf2 Kf6 56. Bd3 Kg5 57. Bc4 Kf4 58. Be6 Be4 59. Ke2 Bf5
60. Bxf5 Kxf5 61. Kf3 e4+ 62. Ke3 Ke5 63. Ke2 Kf4 64. Kf2 e3+ 65. Ke2 Ke4 66.
Ke1 Kf3 67. Kf1 Kg3 68. Ke2 Kxh3 0-1

[Event "Montcalm 2 2016-17"]
[Site "Quebec CAN"]
[Date "2016.11.10"]
[Round "5"]
[White "Cummins, Paul"]
[Black "Dube, Daniel"]
[Result "0-1"]
[WhiteElo "1766"]
[BlackElo "1800"]
[PlyCount "92"]
[EventDate "2016.10.13"]
[EventType "swiss"]
[EventRounds "5"]
[EventCountry "CAN"]

1. e4 Nf6 2. e5 Nd5 3. d4 d6 4. c4 Nb6 5. exd6 cxd6 6. Nc3 g6 7. Be3 Bg7 8. Rc1
O-O 9. Bd3 Nc6 10. b3 Nxd4 11. Bxg6 hxg6 12. Bxd4 Bh6 13. Be3 Bxe3 14. fxe3 e6
15. Nf3 d5 16. c5 Nd7 17. b4 Nf6 18. Qd4 Re8 19. O-O Nd7 20. Ne5 Nxe5 21. Qxe5
f5 22. Rf3 Qe7 23. Nb5 Rf8 24. Nc7 Bd7 25. Nxa8 Rxa8 26. Qc7 Qe8 27. b5 Bxb5
28. Qe5 Qf7 29. Rh3 Qg7 30. Qxe6+ Kf8 31. Qxd5 Bc6 32. Qd6+ Kg8 33. Rg3 Kf7 34.
Rd1 Re8 35. Qd2 Qe5 36. a4 Qxc5 37. Kh1 Re4 38. Qa2+ Kg7 39. Qb2+ Kf7 40. Qh8
Qe5 41. Qh7+ Qg7 42. Qh3 Rxa4 43. e4 Rxe4 44. Rb3 Re7 45. Rc1 a5 46. Qg3 Qe5
0-1

[Event "Montcalm 2 2016-17"]
[Site "Quebec CAN"]
[Date "2016.11.10"]
[Round "5"]
[White "Dube, Dominic"]
[Black "Leblanc-Legault, Mathieu"]
[Result "1-0"]
[WhiteElo "1734"]
[BlackElo "1732"]
[PlyCount "93"]
[EventDate "2016.10.13"]
[EventType "swiss"]
[EventRounds "5"]
[EventCountry "CAN"]

1. e4 d5 2. exd5 Qxd5 3. Nc3 Qd8 4. d4 Nf6 5. Nf3 e6 6. Bc4 a6 7. a3 b5 8. Ba2
c5 9. Bg5 cxd4 10. Qxd4 Qxd4 11. Nxd4 Be7 12. O-O-O O-O 13. Bf4 Bc5 14. Bxb8
Bxd4 15. Bd6 Bxf2 16. Bxf8 Kxf8 17. Kb1 Bb7 18. h3 Ke7 19. Rhf1 Bg3 20. Rd2 Rc8
21. Ne2 Bb8 22. Nf4 g5 23. Nd3 Ne4 24. Rdd1 Ng3 25. Rfe1 Bxg2 26. Nb4 Be4 27.
Bb3 a5 28. Nd3 a4 29. Ba2 Bd6 30. Rd2 Bf5 31. Nb4 Bxb4 32. axb4 Bxh3 33. Rd3
Bf5 34. Rxg3 Rxc2 35. Ka1 Kf6 36. Rf1 h5 37. Rgf3 Rd2 38. Bb1 Rd5 39. Rc3 Rd4
40. Rc5 Rf4 41. Rxf4 gxf4 42. Bxf5 exf5 43. Rxb5 f3 44. Rc5 Ke6 45. Rc1 h4 46.
Ka2 h3 47. Ka3 1-0

[Event "Montcalm 2 2016-17"]
[Site "Quebec CAN"]
[Date "2016.11.10"]
[Round "5"]
[White "Garcia, Carlos"]
[Black "Doyon, Stephane"]
[Result "1/2-1/2"]
[WhiteElo "1845"]
[BlackElo "1852"]
[PlyCount "69"]
[EventDate "2016.10.13"]
[EventType "swiss"]
[EventRounds "5"]
[EventCountry "CAN"]

1. e4 c6 2. d3 d5 3. Nd2 e5 4. Ngf3 Bd6 5. g3 Nf6 6. Bg2 O-O 7. O-O Bg4 8. h3
Bxf3 9. Qxf3 Nbd7 10. Re1 Re8 11. Nf1 Nf8 12. Ne3 d4 13. Nf5 Ng6 14. Bg5 Bb4
15. Rf1 Be7 16. h4 h6 17. Bd2 Bf8 18. h5 Nh8 19. g4 Nh7 20. Qg3 Bd6 21. Nxd6
Qxd6 22. f4 f6 23. g5 fxg5 24. fxg5 hxg5 25. Rf5 Nf7 26. Raf1 Nh6 27. R5f2 Rf8
28. Rxf8+ Rxf8 29. Rxf8+ Kxf8 30. Bxg5 Nxg5 31. Qxg5 Qe7 32. Qg6 Qh4 33. Qd6+
Qe7 34. Qg6 Qh4 35. Qd6+ 1/2-1/2

[Event "Montcalm 2 2016-17"]
[Site "Quebec CAN"]
[Date "2016.11.10"]
[Round "5"]
[White "Halhal, Sami"]
[Black "Dumont, Eric"]
[Result "1-0"]
[WhiteElo "1808"]
[BlackElo "1771"]
[PlyCount "57"]
[EventDate "2016.10.13"]
[EventType "swiss"]
[EventRounds "5"]
[EventCountry "CAN"]

1. d4 d5 2. Nc3 Nf6 3. e4 dxe4 4. f3 Bf5 5. g4 Bg6 6. g5 Nh5 7. fxe4 e6 8. Bg2
Nc6 9. Be3 Be7 10. Qd2 Na5 11. b3 Bb4 12. a3 Be7 13. Nf3 Nc6 14. d5 exd5 15.
exd5 Na5 16. Qd4 Bxc2 17. Qa4+ c6 18. Nd4 b5 19. Ncxb5 O-O 20. dxc6 Bxg5 21.
Nxc2 Re8 22. O-O Rxe3 23. c7 Qd2 24. Bxa8 Re8 25. Rf2 Be3 26. Nxe3 Qxe3 27. Rd1
Qb6 28. Bg2 h6 29. Nd6 1-0

[Event "Montcalm 3 2016-17"]
[Site "Quebec CAN"]
[Date "2016.11.17"]
[Round "1"]
[White "Cournoyer, Dominic"]
[Black "Picard-Fortin, Julien-Pierre"]
[Result "1-0"]
[WhiteElo "1943"]
[BlackElo "1626"]
[PlyCount "105"]
[EventDate "2016.11.17"]
[EventType "swiss"]
[EventRounds "5"]
[EventCountry "CAN"]

1. c4 Nf6 2. Nc3 g6 3. Nf3 Bg7 4. g3 O-O 5. Bg2 d6 6. O-O e5 7. d4 Nc6 8. a3
Re8 9. d5 Ne7 10. e4 Nh5 11. Be3 f5 12. exf5 Nxf5 13. Bg5 Nf6 14. Ne4 h6 15.
Bxf6 Bxf6 16. Nxf6+ Qxf6 17. Nd2 Bd7 18. Ne4 Qf7 19. Qd3 Nd4 20. f4 Bf5 21.
fxe5 dxe5 22. g4 Bxe4 23. Bxe4 Qd7 24. Rf6 Re7 25. Rxg6+ Rg7 26. Bf5 Nxf5 27.
gxf5 Rxg6+ 28. fxg6 Qg4+ 29. Kh1 e4 30. Qe3 Qf3+ 31. Qxf3 exf3 32. Re1 f2 33.
Rf1 Kg7 34. Rxf2 Kxg6 35. Re2 Kf7 36. Kg2 a6 37. Re6 Re8 38. Rxe8 Kxe8 39. Kf3
Ke7 40. Ke4 Kd6 41. Kd4 c6 42. dxc6 Kxc6 43. h4 a5 44. h5 a4 45. Kc3 Kc5 46.
b4+ axb3 47. Kxb3 b5 48. cxb5 Kxb5 49. Kc3 Ka4 50. Kd4 Kxa3 51. Ke5 Kb4 52. Kf6
Kc5 53. Kg6 1-0

[Event "Montcalm 3 2016-17"]
[Site "Quebec CAN"]
[Date "2016.11.17"]
[Round "1"]
[White "Le-Huu, Pascal"]
[Black "Dube, Daniel"]
[Result "0-1"]
[WhiteElo "1250"]
[BlackElo "1818"]
[PlyCount "86"]
[EventDate "2016.11.17"]
[EventType "swiss"]
[EventRounds "5"]
[EventCountry "CAN"]

1. d4 g6 2. Bf4 Bg7 3. c3 Nf6 4. Be5 d6 5. Bf4 O-O 6. Nd2 Nbd7 7. e3 e5 8. Bg5
c6 9. Qb3 h6 10. Bh4 Qc7 11. Bd3 d5 12. f3 exd4 13. exd4 Re8+ 14. Ne2 Nh5 15.
O-O-O g5 16. Bg3 Nxg3 17. hxg3 b5 18. f4 g4 19. f5 a5 20. Rdf1 Nf6 21. Nf4 a4
22. Qd1 Bd7 23. Nh5 Nxh5 24. Rxh5 Qxg3 25. f6 Qxd3 26. fxg7 Kxg7 27. Rfh1 Rh8
28. Qe1 Rae8 29. Qh4 Bf5 30. Rxf5 Qxf5 31. Rf1 Qg5 32. Qg3 Re2 33. Rd1 a3 34.
b4 Re3 35. Qd6 Rxc3+ 36. Kb1 Qg6+ 37. Qxg6+ Kxg6 38. Nb3 Re8 39. Rc1 Rxc1+ 40.
Kxc1 Re2 41. Na5 Rxg2 42. Nxc6 Re2 43. Ne5+ Rxe5 0-1

[Event "Montcalm 3 2016-17"]
[Site "Quebec CAN"]
[Date "2016.11.17"]
[Round "1"]
[White "Leblanc-Legault, Mathieu"]
[Black "Caire, Francois"]
[Result "0-1"]
[WhiteElo "1728"]
[BlackElo "2250"]
[PlyCount "84"]
[EventDate "2016.11.17"]
[EventType "swiss"]
[EventRounds "5"]
[EventCountry "CAN"]

1. Nf3 c5 2. e3 d5 3. d4 Nc6 4. b3 Bg4 5. Be2 Nf6 6. O-O e6 7. h3 Bxf3 8. Bxf3
cxd4 9. exd4 Bd6 10. Re1 Rc8 11. c3 h6 12. Bb2 O-O 13. c4 dxc4 14. bxc4 Na5 15.
c5 Be7 16. Qa4 a6 17. Nd2 Nc6 18. Bxc6 Rxc6 19. Nf3 Nd5 20. Ne5 Rc7 21. Rac1
Bg5 22. Rc2 Ne7 23. Bc3 Nc6 24. Nxc6 Rxc6 25. Qc4 Qc8 26. Ba5 Bf6 27. Bb6 Re8
28. Re4 Re7 29. d5 exd5 30. Qxd5 Rxe4 31. Qxe4 Re6 32. Qb4 Be7 33. Rc1 Qc6 34.
Qd4 Rg6 35. g3 Qc8 36. Kh2 Rxb6 37. cxb6 Qxc1 38. Qd7 Qc5 39. Qxb7 Qxf2+ 40.
Kh1 Bc5 41. Qa8+ Kh7 42. Qe4+ g6 0-1

[Event "Montcalm 3 2016-17"]
[Site "Quebec CAN"]
[Date "2016.11.17"]
[Round "1"]
[White "Lessard, Claude"]
[Black "Dumont, Eric"]
[Result "1-0"]
[WhiteElo "2148"]
[BlackElo "1717"]
[PlyCount "91"]
[EventDate "2016.11.17"]
[EventType "swiss"]
[EventRounds "5"]
[EventCountry "CAN"]

1. d4 d5 2. e4 dxe4 3. f3 exf3 4. Nxf3 Nf6 5. Bc4 e6 6. O-O Bd6 7. Qe2 O-O 8.
Bg5 Nbd7 9. Nbd2 b6 10. Ne5 Be7 11. Nc6 Qe8 12. Qf3 Rb8 13. Nxb8 Nxb8 14. Bd3
Qc6 15. Qe2 Qd5 16. Nf3 Nbd7 17. c4 Qa5 18. a3 Bb7 19. d5 Qc5+ 20. Be3 Qd6 21.
dxe6 Qxe6 22. Nd4 Qg4 23. Nf5 Bc5 24. Bxc5 Qxe2 25. Bxe2 Nxc5 26. Bf3 Be4 27.
Bxe4 Ncxe4 28. Ne7+ Kh8 29. Nd5 Nd2 30. Rfe1 Nxc4 31. Nxf6 gxf6 32. Re7 Nxb2
33. Rxc7 a5 34. Rb1 Na4 35. Rc4 Nc5 36. Rxb6 Ne6 37. Ra6 Rd8 38. h3 Rd5 39. Ra7
Kg7 40. Ra4 Nc5 41. Rg4+ Kf8 42. Rxa5 Rd1+ 43. Kh2 Nd3 44. Ra8+ Ke7 45. Re4+
Kd7 46. Ra7+ 1-0

[Event "Montcalm 3 2016-17"]
[Site "Quebec CAN"]
[Date "2016.11.17"]
[Round "1"]
[White "Ripoll, Arthur"]
[Black "Lapierre, Gaetan"]
[Result "0-1"]
[WhiteElo "1713"]
[BlackElo "1984"]
[PlyCount "70"]
[EventDate "2016.11.17"]
[EventType "swiss"]
[EventRounds "5"]
[EventCountry "CAN"]

1. e4 e6 2. d4 d5 3. Nd2 Nf6 4. e5 Nfd7 5. Bd3 c5 6. c3 Nc6 7. Ne2 cxd4 8. cxd4
Bb4 9. a3 Ba5 10. b4 Bb6 11. Nf3 h6 12. h4 O-O 13. g4 f6 14. Nf4 Ndxe5 15. dxe5
Nxe5 16. g5 Ng4 17. Nh3 fxg5 18. hxg5 e5 19. gxh6 e4 20. hxg7 Rxf3 21. Be2 Nxf2
22. Nxf2 Bxf2+ 23. Kd2 Qf6 24. Bxf3 exf3 25. Qb3 Qf4+ 26. Kc2 Bf5+ 27. Kb2 Qe5+
28. Ka2 Rc8 29. Rh8+ Kf7 30. Rxc8 Bxc8 31. Bb2 Qe2 32. Qxd5+ Be6 33. Qxe6+
Qxe6+ 34. Kb1 Qb3 35. Kc1 Be3+ 0-1

[Event "Montcalm 3 2016-17"]
[Site "Quebec CAN"]
[Date "2016.11.17"]
[Round "1"]
[White "Stoyanova, Stela"]
[Black "Lamontagne, Danny"]
[Result "0-1"]
[WhiteElo "1532"]
[BlackElo "1902"]
[PlyCount "85"]
[EventDate "2016.11.17"]
[EventType "swiss"]
[EventRounds "5"]
[EventCountry "CAN"]

1. c4 Nf6 2. g3 g6 3. d4 c5 4. Nf3 Bg7 5. Nc3 cxd4 6. Nxd4 Nc6 7. e3 Nxd4 8.
exd4 d5 9. Bg2 e6 10. O-O O-O 11. b3 Re8 12. Be3 Qa5 13. Rc1 a6 14. c5 Bd7 15.
Bd2 Qd8 16. Re1 Bc6 17. Bg5 Rc8 18. a4 b6 19. Na2 a5 20. Qd2 Qc7 21. Bf4 Qb7
22. Qd1 Ne4 23. Bxe4 dxe4 24. Re3 Red8 25. Bd6 Bh6 26. Bf4 Bxf4 27. gxf4 b5 28.
Nc3 b4 29. Ne2 Qe7 30. Qf1 f6 31. Rd1 Rd7 32. Ng3 f5 33. Qh3 g5 34. Qh6 gxf4
35. Qxf4 e5 36. Qh6 Rf8 37. Qxc6 f4 38. Qxe4 fxe3 39. Qg4+ Kh8 40. fxe3 exd4
41. Rxd4 Qxe3+ 42. Kg2 Qf2+ 43. Kh1 0-1

[Event "Montcalm 3 2016-17"]
[Site "Quebec CAN"]
[Date "2016.11.17"]
[Round "1"]
[White "Tremblay, Rejean"]
[Black "Cummins, Paul"]
[Result "1-0"]
[WhiteElo "2251"]
[BlackElo "1730"]
[PlyCount "109"]
[EventDate "2016.11.17"]
[EventType "swiss"]
[EventRounds "5"]
[EventCountry "CAN"]

1. d4 Nf6 2. c4 e6 3. Nf3 c5 4. Nc3 d5 5. cxd5 Nxd5 6. e3 Nc6 7. Bd3 Be7 8. O-O
O-O 9. Re1 cxd4 10. exd4 Bf6 11. Bc2 Nxc3 12. bxc3 g6 13. Qd3 Qc7 14. Qe4 Ne7
15. Bd2 Bd7 16. Ne5 Bg7 17. Nxd7 Qxd7 18. Rab1 b5 19. Bd3 a6 20. a4 Rab8 21.
axb5 axb5 22. Rb3 Nd5 23. Reb1 Qc7 24. Bxb5 Rxb5 25. Rxb5 Nxc3 26. Bxc3 Qxc3
27. d5 exd5 28. Qxd5 h5 29. Rb8 Be5 30. Rxf8+ Kxf8 31. g3 Bd4 32. Rd1 Bf6 33.
Qd2 Qxd2 34. Rxd2 Kg7 35. Kg2 g5 36. h3 Be7 37. Ra2 Kg6 38. Ra6+ f6 39. g4 hxg4
40. hxg4 Bb4 41. Kf3 Bd2 42. Ke4 Bf4 43. f3 Be5 44. Kd5 Kf7 45. Ra7+ Kg6 46.
Ke6 Bd4 47. Rb7 Be5 48. Ke7 Bd4 49. Rb8 Kg7 50. Ke6 Be5 51. Ra8 Bd4 52. Kf5 Kf7
53. Rb8 Be5 54. Rb7+ Ke8 55. Ke6 1-0